Adab wa-naqd (Record no. 45299)

MARC details
000 -LEADER
fixed length control field 00649cam a22002171 4500
001 - CONTROL NUMBER
control field ne 62001527
003 - CONTROL NUMBER IDENTIFIER
control field DLC
005 - DATE AND TIME OF LATEST TRANSACTION
control field 20260227111738.0
008 - FIXED-LENGTH DATA ELEMENTS--GENERAL INFORMATION
fixed length control field 941005s1961 le 000 0 ararc
010 ## - LIBRARY OF CONGRESS CONTROL NUMBER
LC control number ne 62001527
035 ## - SYSTEM CONTROL NUMBER
System control number (OCoLC)31228086
040 ## - CATALOGING SOURCE
Original cataloging agency Princeton Univ. Libr.
Transcribing agency CU
Modifying agency CU
-- DLC
042 ## - AUTHENTICATION CODE
Authentication code premarc
050 00 - LIBRARY OF CONGRESS CALL NUMBER
Classification number PN81
Item number .S225
100 1# - MAIN ENTRY--PERSONAL NAME
Personal name Sālimah, Jān Zakī.
245 10 - TITLE STATEMENT
Title Adab wa-naqd
Statement of responsibility, etc. [taʼlīf]Jān Zakī Sālimah.
260 ## - PUBLICATION, DISTRIBUTION, ETC.
Place of publication, distribution, etc. Bayrūt,
Name of publisher, distributor, etc. Dār al-Rawāʼiʻ,
Date of publication, distribution, etc. [tārīkh al-muqaddimah: 1961]
300 ## - PHYSICAL DESCRIPTION
Extent 167 p.
Dimensions 21 cm.
650 #0 - SUBJECT ADDED ENTRY--TOPICAL TERM
Topical term or geographic name entry element Criticism.
650 #0 - SUBJECT ADDED ENTRY--TOPICAL TERM
Topical term or geographic name entry element Arabic literature
Chronological subdivision 20th century
General subdivision History and criticism.

No items available.

Powered by Koha